Kierowcy F1 2025 - Statystyki

Ogólne statystyki
  • Ten quiz został rozwiązany 237 razy
  • Średni wynik to 18 z 21
Statystyki odpowiedzi
Zespół Kraj Kierowca % Poprawnych
Ferrari 🇬🇧 Hamilton
100%
Ferrari 🇲🇨 Leclerc
99%
McLaren 🇦🇺 Piastri
99%
Red Bull 🇳🇱 Verstappen
99%
McLaren 🇬🇧 Norris
97%
Aston Martin 🇪🇸 Alonso
94%
Red Bull 🇯🇵 Tsunoda
94%
Mercedes 🇮🇹 Antonelli
93%
Mercedes 🇬🇧 Russell
93%
Sauber 🇩🇪 Hulkenberg
89%
Williams 🇪🇸 Sainz
88%
Alpine 🇫🇷 Gasly
84%
Haas 🇫🇷 Ocon
84%
Aston Martin 🇨🇦 Stroll
84%
Racing Bulls 🇫🇷 Hadjar
82%
Williams 🇹🇭 Albon
81%
Racing Bulls 🇳🇿 Lawson
80%
Haas 🇬🇧 Bearman
79%
Sauber 🇧🇷 Bortoleto
78%
Alpine 🇦🇷 Colapinto
74%
Alpine 🇦🇺 Doohan
56%
Nie znaleziono quizów pasujących do podanych kryteriów
Rozkład punktacji
Procent ludzi z każdym wynikiem
Percentyl według liczby udzielonych odpowiedzi
Twoja historia wyników
Nie rozwiązałeś tego quizu